| 000 | 00413 a2200145 4500 | ||
|---|---|---|---|
| 999 |
_c12703 _d12703 |
||
| 003 | OSt | ||
| 005 | 20240702161416.0 | ||
| 008 | 240702b ||||| |||| 00| 0 eng d | ||
| 020 | _a9788412622232 | ||
| 100 | _aRahul Mehrotra, Devashree Shah and Pranav Thole | ||
| 245 | _aArchitectures of Transition, Emergent Practices in South Asia | ||
| 260 |
_bEdicions Altrim S.L _c2024 |
||
| 300 | _a314pages | ||
| 942 | _2ddc | ||